000 00829cam a22002533a 4500
001 10665
003 PGUSA
005 20140828083227.0
008 040101s2004||||xxu|||||s|||||000 | eng d
040 _aPGUSA
_beng
042 _adc
050 4 _aDC
100 1 _aLenclos, Ninon de,
_d1620-1705
245 1 0 _aLife, Letters, and Epicurean Philosophy of Ninon de L'Enclos :
_bThe Celebrated Beauty of the Seventeenth Century
_h[electronic resource] /
_cNinon de Lenclos
260 _bProject Gutenberg,
_c2004
506 _aPublic domain in the USA.
516 _aElectronic text
653 _aLenclos, Ninon de, 1620-1705
700 1 _aRobinson, Charles Henry,
_d1841-
700 1 _aOverton, William Hassell,
_d1868-
830 0 _aProject Gutenberg
_v10665
856 4 0 _uhttp://www.gutenberg.org/ebooks/10665
942 _cEB
999 _c239920
_d239920